Report Of The Finance Committee On The Financing Agreement Between The Government Of The Republic Of Ghana And The International Development Association (IDA), Of The World Bank Group For An Amount Of Fourteen Million, Two Hundred Special Drawing Rights(SDR14,2000,000) (Equivalent To US$20 Million) To Finance The Proposed Ghana Energy Sector Transformation Initiative Project 2018 (Record no. 1128)

MARC details
000 -LEADER
fixed length control field 01093nam a2200181Ia 4500
003 - CONTROL NUMBER IDENTIFIER
control field OSt
005 - DATE AND TIME OF LATEST TRANSACTION
control field 20241106110332.0
008 - FIXED-LENGTH DATA ELEMENTS--GENERAL INFORMATION
fixed length control field 240428s9999||||xx |||||||||||||| ||und||
041 ## - LANGUAGE CODE
Language code of text/sound track or separate title English
082 ## - DEWEY DECIMAL CLASSIFICATION NUMBER
Classification number CR/RFC/18 Acc. No. 9765
100 ## - MAIN ENTRY--PERSONAL NAME
Personal name Finance Minister
245 #0 - TITLE STATEMENT
Title Report Of The Finance Committee On The Financing Agreement Between The Government Of The Republic Of Ghana And The International Development Association (IDA), Of The World Bank Group For An Amount Of Fourteen Million, Two Hundred Special Drawing Rights(SDR14,2000,000) (Equivalent To US$20 Million) To Finance The Proposed Ghana Energy Sector Transformation Initiative Project 2018
260 ## - PUBLICATION, DISTRIBUTION, ETC.
Name of publisher, distributor, etc. Ministry of Finance
Place of publication, distribution, etc. Accra
Date of publication, distribution, etc. 2018
300 ## - PHYSICAL DESCRIPTION
Extent 13p; tabs.
650 ## - SUBJECT ADDED ENTRY--TOPICAL TERM
Topical term or geographic name entry element Agreement Between The Government Of The Republic Of Ghana And The International Development Associat - World Bank Group For An Amount Of Fourteen Million, Two Hundred Special Drawing Rights(SDR14,2000,00 - (Equivalent To US
Source of heading or term 0 Million) To Finance The Proposed Ghana Energy Sector Transformation Initiative
942 ## - ADDED ENTRY ELEMENTS (KOHA)
Koha item type Agreements
Source of classification or shelving scheme Dewey Decimal Classification
Holdings
Withdrawn status Lost status Source of classification or shelving scheme Damaged status Not for loan Home library Current library Shelving location Date acquired Total checkouts Full call number Date last seen Copy number Price effective from Koha item type
    Dewey Decimal Classification     Main Library Main Library Open Shelves 08/06/2022   CR/RFC/18 Acc. No. 9765 C1 29/04/2024 1 29/04/2024 Agreements
    Dewey Decimal Classification     Main Library Main Library Open Shelves 06/11/2024   CR/RFC/18 Acc. No. 9766 C2 06/11/2024 2 06/11/2024 Agreements
    Dewey Decimal Classification     Main Library Main Library Open Shelves 06/11/2024   CR/RFC/18 Acc. No. 9767 C3 06/11/2024 3 06/11/2024 Agreements
©2026  Parliament of Ghana Library - All rights reserved